|
|
|
|
| LEADER |
01953nam a2200433 a 4500 |
| 001 |
EBC3415184 |
| 003 |
MiAaPQ |
| 005 |
20200520144314.0 |
| 006 |
m o d | |
| 007 |
cr cn||||||||| |
| 008 |
110325s2010 ne a sb 011 0 eng d |
| 010 |
|
|
|z 2011373884
|
| 020 |
|
|
|z 9086861458
|
| 020 |
|
|
|z 9789086861453
|
| 020 |
|
|
|z 9789086866991 (e-book)
|
| 035 |
|
|
|a (MiAaPQ)EBC3415184
|
| 035 |
|
|
|a (Au-PeEL)EBL3415184
|
| 035 |
|
|
|a (CaPaEBR)ebr10688314
|
| 035 |
|
|
|a (OCoLC)923505523
|
| 040 |
|
|
|a MiAaPQ
|c MiAaPQ
|d MiAaPQ
|
| 043 |
|
|
|a d------
|
| 050 |
|
4 |
|a HF5475.D44
|b M37 2010
|
| 082 |
0 |
4 |
|a 381.09172/4
|2 23
|
| 245 |
0 |
0 |
|a Markets, marketing and developing countries
|h [electronic resource] :
|b where we stand and where we are heading /
|c edited by Hans van Trijp and Paul Ingenbleek.
|
| 260 |
|
|
|a Wageningen :
|b Wageningen Academic Publishers,
|c 2010.
|
| 300 |
|
|
|a 192 p. :
|b ill.
|
| 500 |
|
|
|a Published in honor of the retirement of Aad vanTilburg.
|
| 504 |
|
|
|a Includes bibliographical references and index.
|
| 505 |
0 |
|
|a pt. 1. Macro perspectives on markets, marketing and developing countries -- pt. 2. Agriculture and agricultural markets as engines for development -- pt. 3. Market access, value chains and institutions -- pt. 4. The role of marketing research : past, present and future.
|
| 533 |
|
|
|a Electronic reproduction. Ann Arbor, MI : ProQuest, 2015. Available via World Wide Web. Access may be limited to ProQuest affiliated libraries.
|
| 650 |
|
0 |
|a Markets
|z Developing countries.
|
| 650 |
|
0 |
|a Marketing
|z Developing countries.
|
| 650 |
|
0 |
|a Economic development
|z Developing countries.
|
| 655 |
|
4 |
|a Electronic books.
|
| 700 |
1 |
|
|a Trijp, Hans van
|q (Johannes Cornelia Maria van)
|
| 700 |
1 |
|
|a Ingenbleek, Paul
|q (Paul Theodorus Maria),
|d 1972-
|
| 700 |
1 |
|
|a Tilburg, Aad van.
|
| 710 |
2 |
|
|a ProQuest (Firm)
|
| 856 |
4 |
0 |
|u https://ebookcentral.proquest.com/lib/matrademy/detail.action?docID=3415184
|z Click to View
|